00347nam a2200145Ia 4500003000400000008004100004040001600045082001700061100001700078245004200095260002400137300001000161650001500171650001500186GCL140319s9999 xx 000 0 eng d aGCL / cGCL04a629.133bC C1 aCLARKE, BILL10aTHE CESSNA 150 & 152 / cCLARKE, BILL a[S.N] : bTAB BOOKS a248\P04aCESSNA 15204aCESSNA 150